| 000 | 02394nam0a2200433 i 4500 | ||
|---|---|---|---|
| 001 | RU\NLR\BIBL_A\010707423 | ||
| 005 | 20241101023350.0 | ||
| 010 |
_a9785774102297 _9500 |
||
| 021 |
_aRU _b2015-9374 _9578 |
||
| 035 | _a(NILC)RuMoRGB-007868866 | ||
| 035 | _a(NLR Aleph) 010707423 | ||
| 090 |
_a9752878 _c9752878 |
||
| 100 | _a20150326d2015 km y0rusy50 ca | ||
| 101 | 0 |
_arus _deng |
|
| 102 | _aRU | ||
| 105 | _ay|||z||||01yy | ||
| 200 | 1 |
_aУправление временем в зеркале темпоральных стратегий поведения социальных общностей _dManagement of time in a mirror of temporal behavior strategies of social communities _eмонография _fП. А. Амбарова _gМ-во образования и науки Российской Федерации, Уральский федеральный ун-т им. первого Президента России Б. Н. Ельцина, Ин-т гос. упр. и предпринимательства _zeng |
|
| 210 |
_aЕкатеринбург _cГуманитарный университет _d2015 |
||
| 215 |
_a251 с. _cил. _d21 |
||
| 300 | _aАвт. также на англ. яз.: Polina Ambarova | ||
| 300 | _aНа 4-й с. обл. авт.: Амбарова П. А., доц. | ||
| 300 | _aРез. на англ. яз. | ||
| 320 | _aБиблиогр.: с. 238-251 (239 назв.) и в подстроч. примеч. | ||
| 510 | 1 |
_6z11790 _aManagement of time in a mirror of temporal behavior strategies of social communities _zeng |
|
| 606 | 1 |
_aВремя социальное _91379912 _3RU\NLR\AUTH\66265367 |
|
| 610 | 0 | _aсоциальное время | |
| 610 | 0 | _aдинамика социального времени | |
| 610 | 0 | _aтемпоральные стратегии поведения | |
| 610 | 0 | _aуправление темпоральными стратегиями | |
| 610 | 0 | _aвремя | |
| 686 | 1 | _aС508.0 | |
| 700 | 1 |
_7ca _8rus _aАмбарова _bП. А. _f1975- _gПолина Анатольевна _9196535 _3RU\NLR\AUTH\770196586 |
|
| 790 | 1 |
_7ba _8rus _aAmbarova _bP. A. _f1975- _gPolina Anatol'evna _9196543 _3RU\NLR\AUTH\770196594 |
|
| 801 | 0 |
_aRU _bРГБ _c20150216 _gRCR |
|
| 801 | 1 |
_aRU _bРГБ _c20150216 _2rusmarc |
|
| 942 | _cBOOK | ||
| 980 | _aNBR | ||